Entrepreneurial nation : why manufacturing is key to America's future

Bibliographic Details
Main Author: Khanna, Ro
Format: Book
Published: New York : McGraw Hill Companies Inc. , 2012
Subjects:

MARC

LEADER 00000cam a2200000 7i4500
001 0000170698
005 20130703.0
020 |a 0071802002 
020 |a 9780071802000 
090 0 0 |a 338.040973   |b KHA 
100 1 |a Khanna, Ro 
245 1 0 |a Entrepreneurial nation :   |b why manufacturing is key to America's future   |c Ro Khanna 
260 |a New York :   |b McGraw Hill Companies Inc. ,   |c 2012 
300 |a 257p. ;   |c 24cm. 
500 |a Includes index 
650 0 0 |a Economic development   |z United States 
650 0 0 |a Entrepreneurship   |z United States 
650 0 0 |a Manufacturing industries   |z United States 
650 0 0 |a Technological innovations   |z United States 
651 0 |a United States   |x Commerce 
999 |a 00283434   |b BUKU   |c PINJAMAN   |e PERPUSTAKAAN KOMUNITI PETALING JAYA